000 00408nam a22001577a 4500
999 _c257957
_d257956
003 OSt
005 20191107145258.0
008 191107b xxu||||| |||| 00| 0 eng d
020 _a0323014526
040 _cN/A
100 _aMary Alice Statkiewics et al
245 _aRadiation Protection in Medical Radiography
250 _a4th ed
260 _aUnited States of America
_bMosby
_c2004
942 _2lcc
_cBK